Zarzadzanie przez cele.

Riadenie pomocou cieľov. Propagátori tejto metódy. Jej filozofické základy. Jej základné predpoklady. Etapy postupu podľa tejto metódy. Podniky v Poľsku, ktoré použili túto metódu.

Gespeichert in:
Bibliographische Detailangaben
1. Verfasser: Lipecki, J.
Format: Buchkapitel
Sprache:Polnisch
Schlagworte:
Tags: Tag hinzufügen
Keine Tags, Fügen Sie das erste Tag hinzu!

MARC

LEADER 00000naa a2200000 4500
001 r008114
005 20221125122700.4
041 0 |a pol 
044 |a PL 
245 1 0 |a Zarzadzanie przez cele.  |c J. Lipecki 
520 |a Riadenie pomocou cieľov. Propagátori tejto metódy. Jej filozofické základy. Jej základné predpoklady. Etapy postupu podľa tejto metódy. Podniky v Poľsku, ktoré použili túto metódu. 
610 2 0 |a riadenie podnikové 
610 2 0 |a podnik 
610 2 0 |a PR 
610 2 0 |a ciele podnikové 
610 2 0 |a riadenie podľa cieľov 
100 1 |a Lipecki, J.